000 01168nam a22003257a 4500
001 BR8201960
003 BR-BrBNA
005 20230928091305.0
007 ta
008 230509b bl.||||| |||| 00| 0 por d
040 _aBR-BrBNA
_bpor
_cBiblioteca Nacional de Agricultura
041 _a(Por)
072 _aF30; F60
_b1410
_b3575
090 _ 1410 BR8201960
100 1 _aSteagall, M.L.
110 1 _aEscola Superior de Agricultura Luiz de Queiroz, Piracicaba, SP (Brasil)
_0Tese (Doutor em Agronomia)
245 1 _aEstudos sobre a ontogenia e alguns caracteres do feijoeiro (Phaseolus vulgaris L.)a partir de sementes irradiadas com neutrons rapidos [Mutacao]
246 1 _aStudies on ontogeny and some characters in beans (Phaseolus vulgaris L.)through the seeds irradiated with fast neutrons [Mutation]
260 3 _aPiracicaba, SP (Brasil):
_c1982.
300 _a98 p.
500 _a23 illus.; Bibliography p. 73-83 (92 ref.); Summaries (Eng, Por)
650 _aFEIJAO
650 _aMUTACAO
650 _aSEMENTE
650 _aIRRADIACAO
650 _aGERMINACAO
650 _aNEUTRON
909 _a202309
_bLucia
_c55
_dLucia Elande
942 _cBK
999 _c33230
_d33230